Państwa świata-tekst - Statystyki

Ogólne statystyki
  • Ten quiz został rozwiązany 31 razy
  • Średni wynik to 118 z 195
Statystyki odpowiedzi
Odpowiedź % Poprawnych
Polska
88%
Austria
80%
Albania
76%
Azerbejdżan
76%
Niemcy
76%
Andora
72%
Argentyna
72%
Armenia
72%
Belgia
72%
Białoruś
72%
Brazylia
72%
Bułgaria
72%
Francja
72%
Grecja
72%
Hiszpania
72%
Holandia
72%
Islandia
72%
Liechtenstein
72%
Luksemburg
72%
Macedonia północna
72%
Norwegia
72%
Portugalia
72%
Rosja
72%
Stany zjednoczone
72%
Afganistan
68%
Angola
68%
Antigua i barbuda
68%
Bośnia i hercegowina
68%
Chile
68%
Chorwacja
68%
Dania
68%
Estonia
68%
Finlandia
68%
Gwinea
68%
Irlandia
68%
Jemen
68%
Kanada
68%
Kosowo
68%
Litwa
68%
Łotwa
68%
Niger
68%
Nigeria
68%
Oman
68%
Republika południowej afryki
68%
Rumunia
68%
Słowacja
68%
Słowenia
68%
Szwajcaria
68%
Watykan
68%
Wielka Brytania
68%
Algieria
64%
Australia
64%
Bahamy
64%
Boliwia
64%
Chiny
64%
Cypr
64%
Czad
64%
Czechy
64%
Dominika
64%
Dominikana
64%
Ekwador
64%
Etiopia
64%
Haiti
64%
Indie
64%
Irak
64%
Iran
64%
Japonia
64%
Kazachstan
64%
Kenia
64%
Korea północna
64%
Korea południowa
64%
Kostaryka
64%
Madagaskar
64%
Malta
64%
Peru
64%
San marino
64%
Szwecja
64%
Ukraina
64%
Wenezuela
64%
Włochy
64%
Bahrajn
60%
Bangladesz
60%
Belize
60%
Bhutan
60%
Burkina faso
60%
Demokratyczna republika konga
60%
Dżibuti
60%
Erytrea
60%
Fidżi
60%
Grenada
60%
Gruzja
60%
Gwinea bissau
60%
Gwinea równikowa
60%
Honduras
60%
Indonezja
60%
Izrael
60%
Jamajka
60%
Kolumbia
60%
Kongo
60%
Kuwejt
60%
Malawi
60%
Mali
60%
Maroko
60%
Meksyk
60%
Mołdawia
60%
Monako
60%
Mongolia
60%
Pakistan
60%
Panama
60%
Republika środkowoafrykańska
60%
Republika zielonego przylądka
60%
Salwador
60%
Senegal
60%
Sudan
60%
Sudan południowy
60%
Tadżykistan
60%
Tunezja
60%
Urugwaj
60%
Uzbekistan
60%
Wietnam
60%
Wyspy świętego tomasza i książęca
60%
Zjednoczone emiraty arabskie
60%
Arabia saudyjska
56%
Benin
56%
Egipt
56%
Filipiny
56%
Gabon
56%
Ghana
56%
Gwatemala
56%
Jordania
56%
Kamerun
56%
Katar
56%
Komory
56%
Lesotho
56%
Liban
56%
Libia
56%
Malediwy
56%
Malezja
56%
Mikronezja
56%
Paragwaj
56%
Saint kitts i nevis
56%
Saint lucia
56%
Saint vincent i grenadyny
56%
Seszele
56%
Togo
56%
Trynidad i tobago
56%
Turcja
56%
Turkmenistan
56%
Węgry
56%
Wyspy marshalla
56%
Zambia
56%
Zimbabwe
56%
Barbados
52%
Birma
52%
Botswana
52%
Brunei
52%
Burundi
52%
Gambia
52%
Gujana
52%
Kirgistan
52%
Kiribati
52%
Laos
52%
Liberia
52%
Mauretania
52%
Mauritius
52%
Mozambik
52%
Nepal
52%
Nowa Zelandia
52%
Palau
52%
Papua nowa gwinea
52%
Rwanda
52%
Sierra leone
52%
Somalia
52%
Sri lanka
52%
Surinam
52%
Tajlandia
52%
Tanzania
52%
Timor wschodni
52%
Uganda
52%
Wyspy salomona
52%
Kambodża
48%
Kuba
48%
Namibia
48%
Nikaragua
48%
Samoa
48%
Syria
48%
Tajwan
48%
Tonga
48%
Tuvalu
48%
Wybrzeże kości słoniowej
48%
Singapur
44%
Vanuatu
44%
Nauru
40%
Palestyna
28%
Suazi
24%
Nie znaleziono quizów pasujących do podanych kryteriów
Rozkład punktacji
Procent ludzi z każdym wynikiem
Percentyl według liczby udzielonych odpowiedzi
Twoja historia wyników
Nie rozwiązałeś tego quizu